[Event "KAZ Cup 2019"]
[Site "Almaty"]
[Date "2019.12.13"]
[Round "2.3"]
[White "Rakhimzhan, Alen"]
[Black "Turov, Maxim"]
[Result "0-1"]
[WhiteElo "2354"]
[BlackElo "2574"]
[Annotator "TA"]
[PlyCount "56"]
[EventDate "2019.12.12"]
[EventType "tourn"]
[EventCountry "KAZ"]
[SourceTitle "playchess.com"]
[Source "ChessBase"]
[SourceQuality "1"]

{[%evp 19,86,6,19,29,19,0,7,8,1,0,31,-25,20,15,39,27,37,0,25,20,21,25,16,0,0,0,-6,-45,-41,-39,-7,-51,-84,-26,0,0,0,0,39,0,120,-190,120,126,135,129,135,121,136,121,456,0,0,0,0,0,0,-670,-659,-816,-793,-836,-823,-882,-870,-856,-818,-778,-778]} 1. d4 Nf6 2. c4 g6 3. Nc3 d5 4. cxd5 Nxd5 5. e4 Nxc3 6. bxc3 Bg7 7. Bc4 O-O 8. Ne2 Nc6 9. O-O b6 10. Bg5 Bb7 11. Qd2 {D86: Exchange Grünfeld: Classical Line (7 Bc4)} Qd6 12. Bh6 (12. Rad1 e5 13. Ba6 Na5 14. Bxb7 Nxb7 15. Bh6 Rfe8 16. Bxg7 Kxg7 17. Ng3 Rad8 18. f4 exd4 19. cxd4 {1-0 (38) Ivanchuk,V (2714)-Svidler,P (2713) Wijk aan Zee 1999}) 12... e5 13. Bxg7 {The position is equal.} Kxg7 14. f4 f6 $146 ({Predecessor:} 14... exd4 15. cxd4 Na5 16. Bd3 f5 17. d5 fxe4 18. Bxe4 Rae8 19. Bf3 c5 {0-1 (36) Celestino,G (2206)-Ripari,M (2324) Mar del Plata 2006}) 15. f5 (15. Qe3 $14) 15... Na5 16. Bd3 Rad8 17. Rf3 g5 18. Raf1 c5 {[%cal Re5d4]} 19. d5 c4 20. Bc2 h5 21. Rg3 Rh8 22. Kh1 h4 23. Rg4 Rdg8 24. h3 Bc6 25. Nd4 $1 exd4 26. cxd4 Bb7 {[#]} 27. e5 $1 $36 {[%mdl 2560] White fights for an advantage.} Qxd5 (27... fxe5 28. dxe5) 28. Be4 Qd7 {Played: Qd5-d8} 0-1

[Event "KAZ Cup 2019"]
[Site "Almaty"]
[Date "2019.12.13"]
[Round "2.4"]
[White "Babujian, Levon"]
[Black "Makhnev, Denis"]
[Result "1-0"]
[WhiteElo "2466"]
[BlackElo "2476"]
[Annotator "TA"]
[PlyCount "65"]
[EventDate "2019.12.12"]
[EventType "tourn"]
[EventCountry "KAZ"]
[SourceTitle "playchess.com"]
[Source "ChessBase"]
[SourceQuality "1"]

{[%evp 22,65,0,-1,-4,-7,0,-3,25,8,11,12,12,19,28,11,16,37,35,48,46,35,87,88,70,71,126,141,370,368,463,449,448,439,679,658,642,637,819,812,1066,1055,784,592,897,897]} 1. d4 Nf6 2. c4 e6 3. Nc3 Bb4 4. Nf3 O-O 5. Bg5 c5 6. e3 h6 7. Bh4 cxd4 8. exd4 d5 9. Rc1 Nc6 10. Be2 dxc4 11. Bxc4 Be7 12. O-O b6 {D53: Queen's Gambit Declined: 4 Bg5 Be7: Early deviations} 13. d5 $146 ({Predecessor:} 13. a3 Bb7 14. Re1 Nh5 15. Bg3 Nxg3 16. hxg3 Bf6 17. d5 Na5 18. Ba2 Bxc3 19. Rxc3 Bxd5 20. Bxd5 Qxd5 21. Qxd5 exd5 22. Rd1 {½-½ (44) Vachier Lagrave,M (2789)-So,W (2778) Leuven 2018}) 13... Na5 14. Bb5 exd5 {The position is equal.} 15. Re1 Bb7 $1 16. Nd4 Ne4 $1 17. Bxe7 Qxe7 18. Nf5 $36 {[%mdl 2048] White has the initiative.} Qe5 19. Qh5 Qf6 20. Nxe4 dxe4 21. b4 g6 ({Better is} 21... Rac8 $14) 22. Nxh6+ $16 Kg7 23. Qh3 {[#] Hoping for Ng4.} Qg5 (23... Bc8 $142 24. Ng4 Bxg4 25. Qxg4 Nb7) 24. Ng4 {Rc7 is the strong threat.} Rac8 $2 (24... Bc8 $16) 25. Rxc8 $18 Bxc8 26. Qc3+ {White is clearly winning.} ({Less strong is} 26. bxa5 Bxg4 27. Qc3+ Kg8 $11) 26... f6 27. Qc7+ ({Not} 27. bxa5 Qxb5 28. Nxf6 Rxf6 $14) 27... Kg8 (27... Rf7 $142 28. Qxc8 Qxb5 29. bxa5 Qd7 30. Qxd7 Rxd7 31. axb6 axb6) 28. Rxe4 {Black must now prevent Re7.} ({Weaker is} 28. bxa5 Qxb5 29. Nxf6+ Rxf6 $16) 28... Bxg4 {[#]} 29. Re7 $1 {[%cal Re7g7] Threatening mate with Rg7+.} Qh6 {intending ...Rc8.} 30. bxa5 Rc8 31. Bc4+ Kh8 32. Qd6 Qf8 33. h3 {Accuracy: White = 100%, Black = 39%.} 1-0

[Event "KAZ Cup 2019"]
[Site "Almaty"]
[Date "2019.12.13"]
[Round "2.5"]
[White "Khegay, Dmitriy"]
[Black "Urazayev, Arystanbek"]
[Result "1/2-1/2"]
[WhiteElo "2504"]
[BlackElo "2433"]
[Annotator "TA"]
[PlyCount "103"]
[EventDate "2019.12.12"]
[EventType "tourn"]
[EventCountry "KAZ"]
[SourceTitle "playchess.com"]
[Source "ChessBase"]
[SourceQuality "1"]

{[%evp 14,103,15,9,9,13,12,10,10,10,22,0,0,0,0,0,0,0,0,0,0,1,0,0,0,0,0,0,0,0,0,0,0,0,0,0,0,0,8,8,8,8,8,0,6,6,6,6,6,6,6,6,14,0,7,6,9,8,30,0,22,18,51,43,49,39,45,26,18,0,0,0,0,0,0,-8,0,0,0,-8,-8,-8,0,0,0,0,0,0,0,0,0,0]} 1. e4 c6 2. d4 d5 3. exd5 cxd5 4. Bd3 Nc6 5. c3 Nf6 6. h3 e5 7. dxe5 Nxe5 8. Nf3 Nxd3+ {B13: Caro-Kann: Exchange Variation and Panov-Botvinnik Attack} 9. Qxd3 Bd6 (9... Be7 10. O-O O-O 11. Be3 b6 12. Nd4 Bb7 13. Bg5 h6 14. Bh4 Qd7 15. Re1 Rae8 16. Nd2 g5 17. Bg3 Ne4 18. Nf1 f5 {1-0 (54) Alekseev,E (2638)-Bocharov,D (2593) Khanty-Mansiysk 2016}) 10. O-O $146 ({Predecessor:} 10. Bg5 O-O {1-0 (41) Pandurevic,M (2257)-Gujic,V (2004) Velika Gorica 2008}) 10... O-O 11. Bg5 h6 12. Bh4 g5 13. Bg3 Bxg3 14. fxg3 g4 15. hxg4 Nxg4 16. Nbd2 Re8 17. Rae1 Qb6+ 18. Qd4 Qxd4+ 19. Nxd4 Bd7 20. N2f3 Re4 21. Nd2 Ree8 22. N2b3 b6 23. Nc1 Re4 24. Nd3 Rae8 25. Rc1 Bc8 26. Nf2 Re3 27. Nxg4 Bxg4 28. Rf4 h5 29. Rcf1 R8e7 30. Kh2 R3e4 31. Nc6 Rd7 32. R1f2 Kg7 33. Nb4 (33. a3 {looks sharper.} Be6 34. Rd2 Rc7 35. Nd4 Re1 36. Rff2) 33... Be6 34. Nc2 Rxf4 (34... Bg4 {is interesting.} 35. a3 Kg6 36. Nd4 Rde7 37. Rf6+ Kg7) 35. gxf4 $11 {[%mdl 4096] [#] Endgame Black must now prevent f5. KRB-KRN} Bf5 36. Ne3 (36. Nd4 $5 {[%cal Rd4f5]} Kf6 37. Re2 $11) 36... Be4 37. Rd2 Kf6 38. Rd4 b5 39. a4 a6 40. axb5 axb5 41. b3 {The position is equal.} Ke6 42. c4 f5 {[#] Threatens to win with ...dxc4.} 43. cxd5+ Kd6 44. b4 Ra7 45. Nd1 Ra3 46. Nf2 Bxd5 47. Nd3 Ra1 48. Kg3 Rh1 49. Kf2 Ra1 50. Kg3 Rh1 51. Kf2 Ra1 52. Kg3 {Accuracy: White = 71%, Black = 70%.} 1/2-1/2

[Event "KAZ Cup 2019"]
[Site "Almaty"]
[Date "2019.12.14"]
[Round "3.1"]
[White "Urazayev, Arystanbek"]
[Black "Kostenko, Petr"]
[Result "0-1"]
[WhiteElo "2433"]
[BlackElo "2467"]
[Annotator "TA"]
[PlyCount "64"]
[EventDate "2019.12.12"]
[EventType "tourn"]
[EventCountry "KAZ"]
[SourceTitle "playchess.com"]
[Source "ChessBase"]
[SourceQuality "1"]

{[%evp 18,64,36,37,45,31,24,0,0,0,0,0,11,0,3,22,13,16,18,20,20,0,20,0,0,0,0,-34,-22,-66,-59,-97,-91,-95,-95,-219,-200,-238,-221,-346,-336,-514,-505,-1040,-1017,-2172,-1380,-2456,-2289]} 1. e4 c5 2. Nf3 e6 3. d4 cxd4 4. Nxd4 a6 5. Bd3 Nf6 6. O-O d6 7. c4 b6 8. Nc3 Bb7 9. b3 Nbd7 10. Bb2 g6 {B42: Sicilian: Kan Variation: 5 Bd3} 11. Qe2 Bg7 12. Rae1 (12. Rad1 O-O 13. Bb1 Qc7 14. f4 Rfe8 15. Nf3 Rad8 16. Kh1 Qb8 17. Rde1 Nh5 18. Ng5 h6 19. Nxf7 Kxf7 20. e5 Nf8 21. Qg4 dxe5 22. fxe5+ {1-0 (39) Hillarp Persson,T (2491)-Agrest,E (2567) Malmo 2008}) 12... O-O {The position is equal.} 13. Bb1 $146 ({Predecessor:} 13. f4 e5 14. fxe5 Nxe5 15. Bb1 Nh5 {1-0 (37) Burdik,L (2150)-Pokora,L (1997) Czechia 2005}) 13... Re8 14. Qd2 Rc8 15. Kh1 Nc5 16. f3 Qe7 17. Qf2 Nh5 18. Rd1 Be5 19. Bc1 Kh8 20. Be3 f5 21. exf5 gxf5 {White must now prevent ...f4.} 22. Nde2 Rg8 23. Bd4 Rg6 24. Bxe5+ dxe5 25. Rg1 Rcg8 26. Rd2 (26. h3 $17) 26... Nf6 27. b4 Ncd7 $40 {[%mdl 128] Black attacks with force.} 28. a3 (28. b5 {might work better.}) 28... Rh6 $19 29. Rgd1 (29. c5 $142 bxc5 30. Qe3) 29... e4 {Hoping for ...exf3.Black is clearly winning.} 30. Ng1 (30. Rxd7 $142 Nxd7 31. fxe4) 30... Ne5 31. Qe2 {[#]} Qc7 $1 {[%mdl 512] ( -> ...Rxh2+!)} 32. h3 exf3 {Accuracy: White = 23%, Black = 92%.} 0-1

[Event "KAZ Cup 2019"]
[Site "Almaty"]
[Date "2019.12.14"]
[Round "3.2"]
[White "Makhnev, Denis"]
[Black "Khegay, Dmitriy"]
[Result "1/2-1/2"]
[WhiteElo "2476"]
[BlackElo "2504"]
[Annotator "TA"]
[PlyCount "154"]
[EventDate "2019.12.12"]
[EventType "tourn"]
[EventCountry "KAZ"]
[SourceTitle "playchess.com"]
[Source "ChessBase"]
[SourceQuality "1"]

{[%evp 15,154,39,43,52,21,28,47,53,56,13,19,6,14,0,0,-3,0,0,0,0,0,0,0,-16,0,-13,0,-18,-18,-18,0,0,0,-12,-11,-16,0,0,0,-35,-14,-32,-39,-49,0,-18,-37,-77,-93,-112,-112,-140,-112,-112,-43,-52,-46,-110,-115,-127,14,4,15,23,17,-98,0,0,0,0,0,0,0,0,2,1,-22,0,6,0,55,60,64,28,50,32,35,0,33,40,41,49,49,15,60,35,32,32,32,41,49,2,3,0,83,83,83,83,83,83,83,83,83,83,83,83,83,83,83,83,83,8,8,0,0,-8,-8,-8,-8,-8,-8,-8,-8,-8,-8,-8,-8,-8,-8,-8,-8]} 1. d4 Nf6 2. c4 e6 3. g3 d5 4. Bg2 a6 5. Nf3 dxc4 6. O-O Nc6 7. e3 Bd7 8. Qe2 b5 9. b3 {E04: Open Catalan: 5 Nf3} cxb3 10. axb3 Be7 11. Bb2 {White is slightly better.} (11. Bd2 O-O 12. Rc1 Nb4 13. Ne5 Nfd5 14. Nc3 c6 15. Ne4 f6 16. Nxd7 Qxd7 17. Nc5 Bxc5 18. Rxc5 f5 19. Ra5 Qc7 20. Ra1 Qd7 21. Ra5 Qc7 22. Ra1 Qd7 {½-½ (22) So,W (2780)-Duda,J (2737) chess.com INT 2018}) 11... O-O 12. Nbd2 Nb4 13. Ne5 Nfd5 14. Nxd7 Qxd7 15. Rfc1 a5 16. Ne4 {[#]} c6 $146 ({Predecessor:} 16... Rfb8) 17. Nc5 Bxc5 18. Rxc5 f5 19. f3 Nb6 20. Rcc1 Rfe8 21. Bc3 N6d5 22. Bb2 Ne7 23. Bc3 Ned5 24. Bb2 Qf7 25. Rc5 Ne7 26. Ra3 Ng6 27. Bc3 Nd5 28. Bb2 Qd7 29. Ra1 Nb4 30. Qd2 e5 31. Rd1 {[%cal Rd4e5]} Rad8 32. f4 e4 33. Ra1 Nd3 34. Rc2 Nxb2 ({Better is} 34... Ra8 $17 35. Rxa5 Ne7) 35. Rxb2 $15 {[#]} c5 $1 {[%cal Rc5d4][%mdl 512]} 36. Rxa5 (36. Bf1 $15 cxd4 37. exd4) (36. dxc5 Qxd2) 36... cxd4 $17 37. exd4 {[#]} e3 ({Don't play} 37... Qxd4+ $6 38. Qxd4 Rxd4 39. Bf1 $11) (37... Ne7 $1 $17 {White must now prevent ...Nc6.} 38. Bf1 e3) 38. Qd3 $11 Qxd4 39. Qxd4 Rxd4 40. Bf1 {[#]} (40. Rb1 $11) 40... Rd2 (40... Rd1 $1 $17 41. Re2 Re4) 41. Raa2 $1 Rd1 42. Kg2 Rd5 43. Kf3 Nf8 44. Ra5 {Threatens to win with Bc4!} Ne6 45. Kxe3 Ng5+ 46. Kf2 Ne4+ 47. Kg2 {Bc4! is the strong threat.} Nc3 (47... Red8 $11) 48. Rc2 $36 {[%mdl 2048] White is pushing.} Re3 49. b4 h5 50. Ra1 Ne4 51. Ra5 {Hoping for Bc4!} Rc3 52. Rxc3 Nxc3 {[%mdl 4096] Endgame KRB-KRN} 53. Ra3 Rd2+ 54. Kg1 (54. Kh3 $5 {[%cal Ra3c3]} Ne4 55. Bxb5 $16) 54... Nd5 55. Bxb5 Nxb4 56. Be8 Rd1+ 57. Kg2 Rd2+ 58. Kf1 {White wants to play Bg6.} Kh7 59. h4 (59. Bxh5 {with more complications.} Rxh2 60. Bf7 Rd2 61. Ra7 Rd6 62. Kf2) 59... Rd3 (59... Kh6 $11) 60. Rxd3 $16 Nxd3 61. Bxh5 {KB-KN} g6 62. Bf3 Kg7 63. Ke2 Nc5 64. Ke3 Kf6 65. Kd4 Ne6+ 66. Kd5 Ng7 67. Kd6 Ne6 68. h5 ({White should play} 68. Be2 $16) 68... g5 $11 {The position is equal.} 69. fxg5+ Nxg5 70. Bd5 (70. Bg2 {is interesting.} Ne4+ 71. Kd5 Nxg3 72. Bf3 Ne4 73. Bxe4 fxe4 74. Kd4) 70... Ne4+ {[%mdl 64] Double Attack} 71. Kc6 Nxg3 72. Bf3 Kg5 73. Kd5 Nxh5 74. Kd4 Nf6 75. Ke3 Ng4+ 76. Ke2 $1 Kf4 77. Ba8 Ke5 {Accuracy: White = 54%, Black = 64%.} 1/2-1/2

[Event "KAZ Cup 2019"]
[Site "Almaty"]
[Date "2019.12.14"]
[Round "3.3"]
[White "Turov, Maxim"]
[Black "Babujian, Levon"]
[Result "1-0"]
[WhiteElo "2574"]
[BlackElo "2466"]
[Annotator "TA"]
[PlyCount "105"]
[EventDate "2019.12.12"]
[EventType "tourn"]
[EventCountry "KAZ"]
[SourceTitle "playchess.com"]
[Source "ChessBase"]
[SourceQuality "1"]

{[%evp 9,104,31,58,56,66,54,60,67,95,18,0,25,18,5,10,15,26,19,31,33,55,47,58,50,56,60,57,57,54,60,109,110,141,138,165,165,202,135,129,141,141,142,144,132,255,254,264,257,277,241,229,0,256,243,325,257,247,258,257,243,373,369,386,395,392,379,394,369,383,377,357,346,275,296,814,811,1147,1066,2585,3409,2255,1370,29965,29965,29966,29967,29947,9951,29976,29977,29982,29983,29983,29983,29983,29984,29994]} 1. c4 e5 2. Nc3 Bb4 3. Nd5 a5 4. Nf3 e4 (4... d6 5. a3 Bc5 6. e3 Nf6 7. d4 Nxd5 8. cxd5 exd4 9. exd4 Bb6 10. Bg5 f6 11. Be3 O-O {1-0 (43) Ding,L (2811)-Yu,Y (2763) Khanty-Mansiysk 2019}) 5. Nd4 Nf6 6. Qc2 {A21: English Opening: 1...e5 2 Nc3} O-O 7. Nxf6+ (7. Nxb4 axb4 8. e3 Re8 $15) 7... Qxf6 8. Qxe4 {White is slightly better.} Nc6 $146 {[#]} ({Predecessor:} 8... d5 9. cxd5 Bd7 10. e3 Re8 11. Qd3 Na6 {1-0 (31) Van Wely,L (2689)-Hector,J (2512) Malmo 2013}) 9. e3 (9. Nb5 $1 $16) 9... d5 10. cxd5 Nxd4 11. Qxd4 Qxd4 12. exd4 Re8+ 13. Kd1 Re4 14. Bc4 Rg4 15. g3 Rxd4 16. d3 Bg4+ 17. Kc2 Bf3 18. Be3 Rg4 19. a3 Bxh1 20. axb4 Bf3 21. bxa5 Rg6 22. Bf4 Rf6 23. Re1 Rf5 24. Re7 Bxd5 25. Rxc7 g5 {Threatens to win with ...Bxc4.} 26. Be3 Bf3 (26... Rxa5 $16 {might work better.} 27. g4 Bxc4) 27. b4 $18 h5 28. d4 Kg7 29. Bd3 Rd5 30. Bc4 Rf5 $1 31. Kc3 (31. Bd3 $6 Rd5 $16) 31... h4 32. Bd3 Rd5 33. gxh4 ({Don't do} 33. Rxb7 $6 Rdxa5 34. bxa5 Bxb7 $16) 33... gxh4 34. Bf4 ({Weaker is} 34. Rxb7 Rdxa5 35. bxa5 Bxb7 $16) 34... Rdd8 (34... Kf8 $142 35. Be5 (35. Rxb7 Rdxa5 36. Bh6+ Ke8 $16) 35... Ke8) 35. Be5+ Kg8 36. Bc4 Rac8 37. Bxf7+ Kf8 {Strongly threatening ...Rxc7+.} 38. Be6 {Bg7+ would kill now.} Rxc7+ 39. Bxc7 {[%mdl 4096] Endgame KRB-KB} Re8 40. Bd6+ Kg7 41. Be5+ Kg6 $2 (41... Kf8) 42. d5 Be4 43. Kd4 Bf5 44. Bxf5+ Kxf5 {KR-KB} 45. Bc7 Rc8 46. d6 Ke6 47. Kc5 Rf8 48. Kb6 Rxf2 49. Kxb7 {White mates.} h3 50. a6 {[%cal Ba5a6,Ba6a7][%mdl 32]} Rxh2 {[#]} 51. d7 $1 {[%mdl 512]} Rd2 (51... Kxd7 52. Bxh2) 52. a7 Kd5 {Accuracy: White = 86%, Black = 34%.} 53. d8=Q+ 1-0

[Event "KAZ Cup 2019"]
[Site "Almaty"]
[Date "2019.12.14"]
[Round "3.4"]
[White "Igambergenov, Alibek"]
[Black "Rakhimzhan, Alen"]
[Result "1-0"]
[WhiteElo "2410"]
[BlackElo "2354"]
[Annotator "TA"]
[PlyCount "33"]
[EventDate "2019.12.12"]
[EventType "tourn"]
[EventCountry "KAZ"]
[SourceTitle "playchess.com"]
[Source "ChessBase"]
[SourceQuality "1"]

{[%evp 15,69,16,22,0,19,0,109,110,133,89,95,86,112,113,116,121,124,118,153,142,145,158,215,201,202,104,127,142,130,121,199,195,234,234,233,223,270,262,266,261,248,268,233,229,905,915,876,868,995,954,1533,1445,1387,1120,1262,1068]} 1. c4 Nf6 2. Nc3 e6 3. Nf3 d5 4. d4 Be7 5. Bf4 O-O 6. e3 c6 7. h3 Nbd7 8. Qc2 a6 9. c5 {D37: Queen's Gambit Declined: 5 Bf4} (9. Rd1 b6 10. Bd3 Bb7 11. O-O c5 12. cxd5 exd5 13. dxc5 bxc5 14. e4 d4 15. Na4 h6 16. Nd2 Bc6 17. Bh2 Bxa4 18. Qxa4 {1-0 (50) Zhigalko,S (2649)-Grachev,B (2705) Nakhchivan 2012}) 9... a5 10. Bd3 Re8 (10... b6 $11) 11. O-O $16 {White is better.} g6 $146 ({Predecessor:} 11... b6 12. cxb6 Nxb6 13. Na4 Nxa4 14. Qxa4 c5 15. dxc5 Bxc5 16. Rfc1 Bd6 {1-0 (40) Wood,P (1768)-Kirk,M (1591) Guernsey 2010}) 12. a3 Nh5 13. Bh2 e5 14. Nxe5 Nxe5 15. dxe5 Bxc5 {[#]} 16. Nxd5 $1 {[%mdl 512]} Bxa3 (16... cxd5 17. Qxc5) 17. Nc7 {Played: e5-e6} 1-0

[Event "KAZ Cup 2019"]
[Site "Almaty"]
[Date "2019.12.14"]
[Round "3.5"]
[White "Stupak, Kirill"]
[Black "Utegaliyev, Azamat"]
[Result "1/2-1/2"]
[WhiteElo "2529"]
[BlackElo "2502"]
[Annotator "TA"]
[PlyCount "33"]
[EventDate "2019.12.12"]
[EventType "tourn"]
[EventCountry "KAZ"]
[SourceTitle "playchess.com"]
[Source "ChessBase"]
[SourceQuality "1"]

{[%evp 19,33,14,22,36,32,9,17,0,0,0,38,22,27,-33,-35,-23]} 1. d4 g6 2. g3 Bg7 3. Bg2 d6 4. e4 Nd7 5. Ne2 e5 6. O-O Ngf6 7. Nbc3 O-O 8. h3 exd4 9. Nxd4 Re8 $146 ({Predecessor:} 9... Nc5 10. Bf4 Nfd7 11. Be3 Re8 12. Re1 {1-0 (29) Lima,D (2543)-Allen,D (2229) Itajai 2001}) 10. Re1 Nc5 11. Bf4 {B07: Pirc Defence: Miscellaneous Systems} Nh5 12. Be3 Nf6 {[%cal Rf6e4]} 13. Bf4 {The position is equal.} Nh5 14. Bc1 c6 15. g4 Nf6 16. Bf4 (16. Nb3 $11) 16... h5 $1 $15 {[%cal Rh5g4]} 17. g5 1/2-1/2

[Event "KAZ Cup 2019"]
[Site "Almaty"]
[Date "2019.12.14"]
[Round "4.1"]
[White "Kostenko, Petr"]
[Black "Utegaliyev, Azamat"]
[Result "0-1"]
[WhiteElo "2467"]
[BlackElo "2502"]
[Annotator "TA"]
[PlyCount "64"]
[EventDate "2019.12.12"]
[EventType "tourn"]
[EventCountry "KAZ"]
[SourceTitle "playchess.com"]
[Source "ChessBase"]
[SourceQuality "1"]

{[%evp 9,64,6,25,-2,2,-15,-5,-5,-7,-8,-2,0,-8,-4,0,-18,-16,-57,-17,-29,-20,-31,-29,-36,-8,-73,-58,-57,-52,-99,-93,-93,-95,-94,-118,-115,-104,-93,-114,-165,-130,-228,-162,-344,-341,-358,-363,-485,-469,-1118,-1098,-1217,-675,-667,-662,-5577,-5485]} 1. d4 Nf6 2. Bf4 e6 3. e3 b6 4. Nf3 Bb7 5. Be2 Bd6 $146 (5... c5 6. O-O Be7 7. c4 O-O 8. Nc3 cxd4 9. Nxd4 a6 10. Bf3 Qc8 11. Rc1 Nc6 12. Na4 Nxd4 13. exd4 Bxf3 14. Qxf3 Bd8 15. c5 Nd5 16. cxb6 Qb7 17. Nc5 Qxb6 18. Nxd7 Qxd4 19. Be5 Qb6 20. Qd1 {1-0 (20) Esipenko,A (2593)-Perunovic,M (2597) Skopje 2018}) 6. Bg3 {A47: 1 d4 Nf6 2 Nf3 b6: Torre, London and Colle Systems} O-O 7. Nbd2 Be7 8. h3 {The position is equal.} c5 9. c3 Nc6 10. Bd3 d5 11. Qb1 h6 12. Bh2 Bd6 13. Ne5 cxd4 14. exd4 Bxe5 15. dxe5 Nd7 16. Nf3 Nc5 17. Bh7+ Kh8 18. Bc2 d4 $36 {[%mdl 2048] Black has good play.} 19. b4 d3 20. bxc5 dxc2 21. Qxc2 Ba6 ({Much weaker is} 21... bxc5 22. O-O $11) 22. Rd1 Qc7 23. Bf4 Na5 {[%cal Bc6a5,Ba5c4,Bc4b2][%mdl 32]} 24. Rd4 (24. h4 $17 {was worth a try.} Rfd8 25. cxb6 Rxd1+ 26. Kxd1 axb6 27. Kc1) 24... Rfd8 (24... Qxc5 25. Bxh6 gxh6 26. Qd2 $18) 25. Be3 (25. Nd2 $17) 25... Rxd4 26. cxd4 $2 {[#]} (26. Nxd4 {keeps fighting.} Qxe5 27. Ne2) 26... bxc5 $1 $19 27. h4 ({But not} 27. dxc5 Rb8 $19) 27... Rb8 28. dxc5 Nc4 {Black is clearly winning.} 29. Rh3 (29. O-O $142 Nxe3 {[%mdl 64] Discovered Attack} 30. fxe3 Bxf1 31. Kxf1) 29... Rb2 30. Qc3 Rb1+ 31. Bc1 Nb2 32. Nd2 {[#]} Qxe5+ $1 {[%mdl 512] Accuracy: White = 30%, Black = 78%.} 0-1

[Event "KAZ Cup 2019"]
[Site "Almaty"]
[Date "2019.12.14"]
[Round "4.2"]
[White "Rakhimzhan, Alen"]
[Black "Stupak, Kirill"]
[Result "1/2-1/2"]
[WhiteElo "2354"]
[BlackElo "2529"]
[Annotator "TA"]
[PlyCount "40"]
[EventDate "2019.12.12"]
[EventType "tourn"]
[EventCountry "KAZ"]
[SourceTitle "playchess.com"]
[Source "ChessBase"]
[SourceQuality "1"]

{[%evp 16,40,0,0,22,22,22,20,17,11,31,14,29,24,34,27,26,27,22,18,18,16,20,21,22,4,5]} 1. d4 Nf6 2. c4 e6 3. Nc3 Bb4 4. Qc2 d5 5. cxd5 exd5 6. Bg5 h6 7. Bxf6 Qxf6 8. a3 Bxc3+ 9. Qxc3 Nc6 {E35: Nimzo-Indian: Classical: 4...d5 5 cxd5 exd5} (9... O-O 10. Nf3 Bf5 11. e3 Rc8 12. Bd3 Bxd3 13. Qxd3 Nd7 14. O-O c6 15. b4 a6 16. Rfc1 b5 17. Qc3 Nb6 18. Ne5 Nc4 19. a4 {½-½ (37) Andreikin,D (2736)-Giri,A (2767) Novi Sad 2016}) 10. e3 O-O 11. Nf3 Bg4 12. Be2 Qd6 13. Rc1 Rac8 14. O-O $146 ({Predecessor:} 14. Qc5 Qd8 15. h3 Bh5 16. b4 Re8 17. O-O {1-0 (35) Kozhuharov,S (2463)-Marholev,D (2315) Rochefort 2014}) 14... Ne7 15. Qc5 (15. h3 {is more complex.} Bxf3 16. Bxf3 c6 17. b4 a6 18. a4) 15... Qxc5 16. Rxc5 c6 17. Rfc1 {The position is equal.} Nf5 18. b4 Nd6 19. a4 a6 20. Bd3 f6 1/2-1/2

[Event "KAZ Cup 2019"]
[Site "Almaty"]
[Date "2019.12.14"]
[Round "4.3"]
[White "Babujian, Levon"]
[Black "Igambergenov, Alibek"]
[Result "1-0"]
[WhiteElo "2466"]
[BlackElo "2410"]
[Annotator "RC"]
[PlyCount "75"]
[EventDate "2019.12.12"]
[EventType "tourn"]
[EventCountry "KAZ"]
[SourceTitle "playchess.com"]
[Source "ChessBase"]
[SourceQuality "1"]
[TimeControl "40/5400+30:1800+30"]

1. d4 {[%emt 0:00:00]} e6 {[%emt 0:02:56]} 2. e4 {[%emt 0:00:13]} d5 {[%emt 0:00:06]} 3. Nc3 {[%emt 0:00:03]} Nf6 {[%emt 0:00:07]} 4. Bg5 {[%emt 0:00:15]} dxe4 {[%emt 0:03:25]} 5. Nxe4 {[%emt 0:00:08]} Be7 {[%emt 0:00:03]} 6. Bxf6 {[%emt 0:00:07]} gxf6 {[%emt 0:00:04]} 7. Nf3 {[%emt 0:00:29]} Bd7 {[%emt 0:06:06]} 8. d5 {[%emt 0:03:52]} f5 {[%emt 0:19:00]} 9. Nc3 {[%emt 0:01:04]} Bf6 {[%emt 0:00:46]} 10. Bc4 {[%emt 0:07:50]} e5 {[%emt 0:10:29]} 11. O-O {[%emt 0:00:52]} O-O {[%emt 0:00:39]} 12. a4 {[%emt 0:02:10]} Qe7 {[%emt 0:07:13]} 13. Ra3 {[%emt 0:01:03]} Na6 {[%emt 0:12:30]} 14. Re1 {[%emt 0:03:57]} Rae8 {[%emt 0:12:30]} 15. Nb5 {[%emt 0:02:19]} Qc5 {[%emt 0:00:32]} 16. Nd2 {[%emt 0:00:46]} Bg7 {[%emt 0:10:52]} 17. Qh5 {[%emt 0:04:53]} f4 {[%emt 0:00:06]} 18. d6 {[%emt 0:11:52]} c6 {[%emt 0:05:33]} 19. Rc3 {[%emt 0:02:16]} cxb5 {[%emt 0:00:10]} 20. Bd3 {[%emt 0:00:43]} f5 {[%emt 0:04:46]} 21. Rxc5 {[%emt 0:00:18]} Nxc5 {[%emt 0:00:02]} 22. Bxb5 {[%emt 0:00:16]} Bxb5 {[%emt 0:00:06]} 23. axb5 {[%emt 0:00:05]} e4 {[%emt 0:00:07]} 24. Nc4 {[%emt 0:01:20]} Re6 {[%emt 0:01:23]} 25. Qd1 {[%emt 0:00:40]} Rg6 {[%emt 0:00:53]} 26. Qd5+ {[%emt 0:00:27]} Ne6 {[%emt 0:00:05]} 27. d7 {[%emt 0:02:45]} f3 {[%emt 0:02:09]} 28. g3 {[%emt 0:00:04]} h5 {[%emt 0:00:18]} 29. Nd6 {[%emt 0:00:33]} Kh7 {[%emt 0:00:59]} 30. Nxf5 {[%emt 0:00:21]} Nf4 {[%emt 0:00:24]} 31. Qxe4 {[%emt 0:00:35]} Re6 {[%emt 0:00:32]} 32. Qxe6 {[%emt 0:00:20]} Nxe6 {[%emt 0:00:04]} 33. Rxe6 {[%emt 0:00:08]} Rd8 {[%emt 0:00:34]} 34. Re7 {[%emt 0:00:15]} Kg6 {[%emt 0:00:03]} 35. Nxg7 {[%emt 0:00:59]} Kf6 {[%emt 0:00:03]} 36. Re8 {[%emt 0:02:19]} Rxd7 {[%emt 0:00:04]} 37. Nxh5+ {[%emt 0:00:06]} Kg5 {[%emt 0:00:08]} 38. Re5+ {[%emt 0:00:18]} 1-0